| 000 | 00647 a2200157 4500 | ||
|---|---|---|---|
| 003 | NUST | ||
| 005 | 20230222123445.0 | ||
| 040 | _cNust | ||
| 082 | _a297.4,JAL | ||
| 100 |
_aJalandhari, Dr Rasheed ahmed _9109469 |
||
| 245 |
_aDarul uloom deoband. bartanvi hind me musalmano ka nizam e taleem aik naqidana jaiza (Jild-1) / برطانوی ہند میں مسلمانون کا نظام تعلیم ایک ناقدانہ جا یؑزہ دارالعلوم دیوبند (Urdu) / _cDr Rasheed ahmed Jalandhari |
||
| 260 |
_aIslamabad _bNational Book Foundation _c1989 |
||
| 300 | _a286 p.; | ||
| 650 |
_aSufisam Urdu _9109470 |
||
| 942 |
_2ddc _cBK _k297.4,JAL |
||
| 999 |
_c187994 _d187994 |
||